logo

Bir Sreshtho Munshi Abdur Rouf Library
Jhenaidah Cadet College

An outline history of the world / (Record no. 7138)

MARC details
000 -LEADER
fixed length control field 00604nam a22002292a 4500
001 - CONTROL NUMBER
JCCL Control Number 7138
003 - CONTROL NUMBER IDENTIFIER
JCCL marc code UkOxU
005 - DATE AND TIME OF LATEST TRANSACTION
control field 20180205131130.0
008 - FIXED-LENGTH DATA ELEMENTS--GENERAL INFORMATION
fixed length control field 500101s1954 xx 000 0 eng d
035 ## - SYSTEM CONTROL NUMBER
system control number OCLC ocm03574861 from D950811M
040 ## - CATALOGING SOURCE
Original cataloging agency TLM
Transcribing agency TLM
Modifying agency UKM
-- EQO
041 ## - LANGUAGE CODE
Language code of Book eng
082 ## - DEWEY DECIMAL CLASSIFICATION NUMBER
Classification number 909
Author mark and Year DAV 1973
100 1# - MAIN ENTRY--PERSONAL NAME
Personal name Davies, Herbert Abraham.
245 13 - TITLE STATEMENT
Title An outline history of the world /
Statement of responsibility, etc Herbert Abraham Davies,
250 ## - EDITION STATEMENT
Edition statement 3rd ed
260 ## - PUBLICATION, DISTRIBUTION, ETC. (IMPRINT)
Place of publication, distribution, etc Oxford University Press :
Name of publisher, distributor, etc London,
Date of publication, distribution, etc 1954
300 ## - PHYSICAL DESCRIPTION
Pagination 576 p. :
Dimensions 18cm.
650 ## - SUBJECT ADDED ENTRY--TOPICAL TERM
Topical term or geographic name as entry element World history
942 ## - ADDED ENTRY ELEMENTS (KOHA)
Source of classification or shelving scheme Dewey Decimal Classification
Koha item type Books
Holdings
Source of classification or shelving scheme Damaged status Not for loan Home library Current library Shelving location Date of accession Total Checkouts Full call number Barcode Date last seen Copy number Koha item type
Dewey Decimal Classification     JCC Rouf Library JCC Rouf Library General Stacks 02/05/2018   909 DAV 1973 9582 02/05/2018 C - 1 Books

JCC Library | Contacts | JCC Home

Last Update on 23 September 2017
Copyright @ 2017-2020 JCC Rouf Library
Rouf Library, Jhenidah Cadet College (JCC), Bangladesh